| 000 | nam a22 7a 4500 | ||
|---|---|---|---|
| 999 |
_c233671 _d233671 |
||
| 003 | Nust | ||
| 005 | 20170309163157.0 | ||
| 008 | 170309b xxu||||| |||| 00| 0 eng d | ||
| 040 | _cDLC | ||
| 082 | _a551.48 DIN | ||
| 245 |
_aPhysical Hydrology / _cDingman,S.L. |
||
| 260 |
_aIllinois : _bWaveland Press, |
||
| 300 | _a 646p. : | ||
| 942 |
_2ddc _cBK |
||